00634nam a2200193Ia 4500952013100000999001300131003000400144005001700148008004100165020001800206040000900224082001800233100002400251245006500275260003800340300000900378650001100387942004200398 00102ddc40708ISLAMaMESbMEScARBd2019-02-20g110.00l0o297.12 AHM/Tp22604r2019-02-20 00:00:00w2019-02-20yREFzU16R3 c525d525OSt20201224124443.0190216s9999||||xx |||||||||||||| ||und|| a9788171510504 coclc a297.12bAHM/T aAhmed, Nisar 97858 0aThe Fundamental Teachings Of Quran And Hadith /cNisar Ahmed bKitab Bhavan, aNew Delhi:c2009. a348p aArabic cBK2ddch297.12iAHM/Tk297.12mAHM/T